The playful panda / Amelia Cobb ; illustrated by ... Read More
Available copies
- 1 of 1 copy available at LARL/NWRL Consortium.
- 1 of 1 copy available at Northwest Regional Library. (Show preferred library)
Current holds
0 current holds with 1 total copy.
Show Only Available Copies
| Location | Call Number / Copy Notes | Barcode | Shelving Location | Status | Due Date |
|---|---|---|---|---|---|
| Hallock Public Library | j COB (Text) | 35500006800468 | Main | Available | - |
Record details
- ISBN: 9780857632166
- ISBN: 0857632167
- Physical Description: 118 pages : illustrations ; 20 cm.
- Publisher: London : Nosy Crow, 2013.
- Copyright: ©2013
Content descriptions
| General Note: | Series information from Goodreads.com. |
| Summary, etc.: | Zoe adores the zoo's gorgeous new baby pandas. ... Read More |
| Target Audience Note: | Grades 1-3. |
Search for related items by subject
| Genre: | Fiction Juvenile works Animal fiction. Fiction. |
Search for related items by series
| LDR | 03285cam a2200853 i 4500 | ||
|---|---|---|---|
| 001 | 442559 | ||
| 003 | LARL_NWRL_CONSORTIUM | ||
| 005 | 20240730133453.0 | ||
| 008 | 131121t20132013enka j 000 f eng d | ||
| 040 | . | ‡aAU@ ‡beng ‡erda ‡cAU@ ‡dUKMGB ‡dSINLB ‡dNZ1 ‡dOCLCO ‡dNSELP ‡dYDXCP ‡dOCLCF ‡dOCLCQ ‡dNZIPP ‡dOCLCO ‡dOCLCQ ‡dNZ1 ‡dMLM ‡dNZBAL ‡dNZAUC ‡dOCLCQ ‡dAUPTL ‡dOCLCO ‡dIHX ‡dOCLCO ‡dOCL ‡dN8V ‡dOCLCO ‡dATBIA ‡dGO6 ‡dOCLCO ‡dOCLCL ‡dOCLCQ ‡dJQW ‡dUKRFW ‡dOCLCO ‡dUKNYK ‡dOCLCQ | |
| 015 | . | ‡aGBB365889 ‡2bnb | |
| 016 | 7 | . | ‡a016461292 ‡2Uk |
| 019 | . | ‡a855198140 ‡a922901797 | |
| 020 | . | ‡a9780857632166 ‡q(paperback) | |
| 020 | . | ‡a0857632167 ‡q(paperback) | |
| 020 | . | ‡z9780857632173 ‡q(ebook) | |
| 035 | . | ‡a(OCoLC)863561750 ‡z(OCoLC)855198140 ‡z(OCoLC)922901797 | |
| 082 | 0 | 4. | ‡a823.92 ‡223 |
| 082 | 0 | 4. | ‡a[Fic] ‡223 |
| 100 | 1 | . | ‡aCobb, Amelia ‡c(Children's author), ‡eauthor. ‡1https://id.oclc.org/worldcat/entity/E39PCjrx843yVVgYMmfmdRHq6X |
| 245 | 1 | 4. | ‡aThe playful panda / ‡cAmelia Cobb ; illustrated by Sophy Williams. |
| 264 | 1. | ‡aLondon : ‡bNosy Crow, ‡c2013. | |
| 264 | 4. | ‡c©2013 | |
| 300 | . | ‡a118 pages : ‡billustrations ; ‡c20 cm. | |
| 336 | . | ‡atext ‡btxt ‡2rdacontent | |
| 336 | . | ‡astill image ‡bsti ‡2rdacontent | |
| 337 | . | ‡aunmediated ‡bn ‡2rdamedia | |
| 338 | . | ‡avolume ‡bnc ‡2rdacarrier | |
| 490 | 0 | . | ‡aZoe's Rescue Zoo ; ‡v3 |
| 500 | . | ‡aSeries information from Goodreads.com. | |
| 520 | . | ‡aZoe adores the zoo's gorgeous new baby pandas. They're twins! How will she tell them apart? Because one of them is really naughty, that's how! | |
| 521 | 2 | . | ‡aGrades 1-3. |
| 600 | 1 | 0. | ‡aParker, Zoe ‡c(Fictitious character) ‡vJuvenile fiction. |
| 650 | 0. | ‡aPandas ‡vJuvenile fiction. | |
| 650 | 0. | ‡aZoos ‡vJuvenile fiction. | |
| 650 | 0. | ‡aAnimal rescue ‡vJuvenile fiction. | |
| 650 | 1. | ‡aPandas ‡vFiction. | |
| 650 | 1. | ‡aAnimal rescue ‡vFiction. | |
| 600 | 1 | 7. | ‡aParker, Zoe ‡c(Fictitious character) ‡2fast |
| 650 | 7. | ‡aZoos ‡2fast ‡0(LARL_NWRL_CONSORTIUM)35219 | |
| 650 | 7. | ‡aAnimal rescue ‡2fast ‡0(LARL_NWRL_CONSORTIUM)37518 | |
| 650 | 7. | ‡aPandas ‡2fast ‡0(LARL_NWRL_CONSORTIUM)27531 | |
| 655 | 7. | ‡aFiction ‡2fast | |
| 655 | 7. | ‡aJuvenile works ‡2fast | |
| 655 | 7. | ‡aAnimal fiction. ‡2lcgft | |
| 655 | 7. | ‡aFiction. ‡2lcgft | |
| 700 | 1 | . | ‡aWilliams, Sophy, ‡eillustrator. ‡0(LARL_NWRL_CONSORTIUM)105722 |
| 901 | . | ‡a442559 ‡bAUTOGEN ‡c442559 ‡tbiblio | |

Add to basket
Permalink
Disable Highlighting